Country to Area - Click Quiz - Statistics

General Stats
  • This quiz has been taken 122 times
  • The average score is 79 of 196
Answer Stats
Hint Answer % Correct
Samoa I. 0 to 10,000 km²
60%
Andorra I. 0 to 10,000 km²
58%
Kiribati I. 0 to 10,000 km²
58%
Palau I. 0 to 10,000 km²
58%
San Marino I. 0 to 10,000 km²
58%
Vatican City I. 0 to 10,000 km²
58%
Canada V. 1+ million km²
58%
Comoros I. 0 to 10,000 km²
57%
Liechtenstein I. 0 to 10,000 km²
57%
Mauritius I. 0 to 10,000 km²
57%
Nauru I. 0 to 10,000 km²
57%
Saint Lucia I. 0 to 10,000 km²
57%
Singapore I. 0 to 10,000 km²
57%
Federated States of Micronesia I. 0 to 10,000 km²
55%
Monaco I. 0 to 10,000 km²
55%
Saint Vincent and the Grenadines I. 0 to 10,000 km²
55%
Tonga I. 0 to 10,000 km²
55%
Australia V. 1+ million km²
55%
United States V. 1+ million km²
55%
Barbados I. 0 to 10,000 km²
53%
Brunei I. 0 to 10,000 km²
53%
Malta I. 0 to 10,000 km²
53%
Marshall Islands I. 0 to 10,000 km²
53%
São Tomé and Príncipe I. 0 to 10,000 km²
53%
Seychelles I. 0 to 10,000 km²
53%
Croatia II. 10,000 to 100,000 km²
53%
Russia V. 1+ million km²
53%
Cape Verde I. 0 to 10,000 km²
51%
Maldives I. 0 to 10,000 km²
51%
Armenia II. 10,000 to 100,000 km²
51%
Austria II. 10,000 to 100,000 km²
51%
Costa Rica II. 10,000 to 100,000 km²
51%
Lithuania II. 10,000 to 100,000 km²
51%
Slovenia II. 10,000 to 100,000 km²
51%
Taiwan II. 10,000 to 100,000 km²
51%
Belarus III. 100,000 to 500,000 km²
51%
Argentina V. 1+ million km²
51%
Dominica I. 0 to 10,000 km²
49%
Tuvalu I. 0 to 10,000 km²
49%
Belgium II. 10,000 to 100,000 km²
49%
Belize II. 10,000 to 100,000 km²
49%
Czech Republic II. 10,000 to 100,000 km²
49%
Equatorial Guinea II. 10,000 to 100,000 km²
49%
Estonia II. 10,000 to 100,000 km²
49%
Georgia II. 10,000 to 100,000 km²
49%
Kosovo II. 10,000 to 100,000 km²
49%
Moldova II. 10,000 to 100,000 km²
49%
Ecuador III. 100,000 to 500,000 km²
49%
Philippines III. 100,000 to 500,000 km²
49%
Brazil V. 1+ million km²
49%
China V. 1+ million km²
49%
India V. 1+ million km²
49%
Antigua and Barbuda I. 0 to 10,000 km²
47%
Saint Kitts and Nevis I. 0 to 10,000 km²
47%
Trinidad and Tobago I. 0 to 10,000 km²
47%
Albania II. 10,000 to 100,000 km²
47%
Bosnia and Herzegovina II. 10,000 to 100,000 km²
47%
Denmark II. 10,000 to 100,000 km²
47%
Djibouti II. 10,000 to 100,000 km²
47%
El Salvador II. 10,000 to 100,000 km²
47%
Latvia II. 10,000 to 100,000 km²
47%
Japan III. 100,000 to 500,000 km²
47%
Romania III. 100,000 to 500,000 km²
47%
Sweden III. 100,000 to 500,000 km²
47%
Grenada I. 0 to 10,000 km²
45%
Luxembourg I. 0 to 10,000 km²
45%
Dominican Republic II. 10,000 to 100,000 km²
45%
Guinea-Bissau II. 10,000 to 100,000 km²
45%
Hungary II. 10,000 to 100,000 km²
45%
Israel II. 10,000 to 100,000 km²
45%
Kuwait II. 10,000 to 100,000 km²
45%
Lebanon II. 10,000 to 100,000 km²
45%
Netherlands II. 10,000 to 100,000 km²
45%
North Macedonia II. 10,000 to 100,000 km²
45%
Panama II. 10,000 to 100,000 km²
45%
Serbia II. 10,000 to 100,000 km²
45%
Algeria V. 1+ million km²
45%
Sudan V. 1+ million km²
45%
Bahamas II. 10,000 to 100,000 km²
43%
Bhutan II. 10,000 to 100,000 km²
43%
Burundi II. 10,000 to 100,000 km²
43%
Jamaica II. 10,000 to 100,000 km²
43%
Switzerland II. 10,000 to 100,000 km²
43%
Ukraine IV. 500,000 to 1 million km²
43%
Mexico V. 1+ million km²
43%
Azerbaijan II. 10,000 to 100,000 km²
42%
Eswatini II. 10,000 to 100,000 km²
42%
Haiti II. 10,000 to 100,000 km²
42%
Montenegro II. 10,000 to 100,000 km²
42%
Rwanda II. 10,000 to 100,000 km²
42%
Slovakia II. 10,000 to 100,000 km²
42%
Sri Lanka II. 10,000 to 100,000 km²
42%
Togo II. 10,000 to 100,000 km²
42%
Finland III. 100,000 to 500,000 km²
42%
Italy III. 100,000 to 500,000 km²
42%
Ivory Coast III. 100,000 to 500,000 km²
42%
Uzbekistan III. 100,000 to 500,000 km²
42%
Zambia IV. 500,000 to 1 million km²
42%
Chad V. 1+ million km²
42%
Democratic Republic of the Congo V. 1+ million km²
42%
Indonesia V. 1+ million km²
42%
Libya V. 1+ million km²
42%
Mali V. 1+ million km²
42%
Niger V. 1+ million km²
42%
Saudi Arabia V. 1+ million km²
42%
Burkina Faso III. 100,000 to 500,000 km²
40%
Iceland III. 100,000 to 500,000 km²
40%
New Zealand III. 100,000 to 500,000 km²
40%
Senegal III. 100,000 to 500,000 km²
40%
Tunisia III. 100,000 to 500,000 km²
40%
Uruguay III. 100,000 to 500,000 km²
40%
Botswana IV. 500,000 to 1 million km²
40%
Myanmar IV. 500,000 to 1 million km²
40%
Namibia IV. 500,000 to 1 million km²
40%
Turkey IV. 500,000 to 1 million km²
40%
Kazakhstan V. 1+ million km²
40%
Lesotho II. 10,000 to 100,000 km²
38%
Bangladesh III. 100,000 to 500,000 km²
38%
Cambodia III. 100,000 to 500,000 km²
38%
Iraq III. 100,000 to 500,000 km²
38%
Norway III. 100,000 to 500,000 km²
38%
Oman III. 100,000 to 500,000 km²
38%
Poland III. 100,000 to 500,000 km²
38%
United Kingdom III. 100,000 to 500,000 km²
38%
Afghanistan IV. 500,000 to 1 million km²
38%
Madagascar IV. 500,000 to 1 million km²
38%
Tanzania IV. 500,000 to 1 million km²
38%
Egypt V. 1+ million km²
38%
Mauritania V. 1+ million km²
38%
Peru V. 1+ million km²
38%
East Timor II. 10,000 to 100,000 km²
36%
Jordan II. 10,000 to 100,000 km²
36%
Qatar II. 10,000 to 100,000 km²
36%
Guyana III. 100,000 to 500,000 km²
36%
Nicaragua III. 100,000 to 500,000 km²
36%
Tajikistan III. 100,000 to 500,000 km²
36%
Uganda III. 100,000 to 500,000 km²
36%
South Africa V. 1+ million km²
36%
Bahrain I. 0 to 10,000 km²
34%
Cameroon III. 100,000 to 500,000 km²
34%
Greece III. 100,000 to 500,000 km²
34%
Papua New Guinea III. 100,000 to 500,000 km²
34%
South Korea III. 100,000 to 500,000 km²
34%
Mozambique IV. 500,000 to 1 million km²
34%
Somalia IV. 500,000 to 1 million km²
34%
Angola V. 1+ million km²
34%
Ethiopia V. 1+ million km²
34%
Sierra Leone II. 10,000 to 100,000 km²
32%
Laos III. 100,000 to 500,000 km²
32%
Morocco III. 100,000 to 500,000 km²
32%
North Korea III. 100,000 to 500,000 km²
32%
Republic of the Congo III. 100,000 to 500,000 km²
32%
Vietnam III. 100,000 to 500,000 km²
32%
Chile IV. 500,000 to 1 million km²
32%
Iran V. 1+ million km²
32%
Gabon III. 100,000 to 500,000 km²
30%
Ghana III. 100,000 to 500,000 km²
30%
Guatemala III. 100,000 to 500,000 km²
30%
Kyrgyzstan III. 100,000 to 500,000 km²
30%
Malaysia III. 100,000 to 500,000 km²
30%
Paraguay III. 100,000 to 500,000 km²
30%
Suriname III. 100,000 to 500,000 km²
30%
Turkmenistan III. 100,000 to 500,000 km²
30%
Ireland II. 10,000 to 100,000 km²
28%
Liberia III. 100,000 to 500,000 km²
28%
Nepal III. 100,000 to 500,000 km²
28%
Syria III. 100,000 to 500,000 km²
28%
Yemen IV. 500,000 to 1 million km²
28%
Colombia V. 1+ million km²
28%
Cyprus I. 0 to 10,000 km²
26%
Cuba III. 100,000 to 500,000 km²
26%
France IV. 500,000 to 1 million km²
26%
Pakistan IV. 500,000 to 1 million km²
26%
Fiji II. 10,000 to 100,000 km²
25%
Germany III. 100,000 to 500,000 km²
25%
Guinea III. 100,000 to 500,000 km²
25%
Central African Republic IV. 500,000 to 1 million km²
25%
Kenya IV. 500,000 to 1 million km²
25%
Nigeria IV. 500,000 to 1 million km²
25%
Mongolia V. 1+ million km²
25%
Gambia II. 10,000 to 100,000 km²
23%
Portugal II. 10,000 to 100,000 km²
23%
Spain IV. 500,000 to 1 million km²
23%
Thailand IV. 500,000 to 1 million km²
23%
Venezuela IV. 500,000 to 1 million km²
23%
United Arab Emirates II. 10,000 to 100,000 km²
21%
Bulgaria III. 100,000 to 500,000 km²
21%
Honduras III. 100,000 to 500,000 km²
21%
Bolivia V. 1+ million km²
21%
Eritrea III. 100,000 to 500,000 km²
19%
Zimbabwe III. 100,000 to 500,000 km²
19%
Malawi III. 100,000 to 500,000 km²
15%
South Sudan IV. 500,000 to 1 million km²
15%
Solomon Islands II. 10,000 to 100,000 km²
13%
Vanuatu II. 10,000 to 100,000 km²
11%
Benin III. 100,000 to 500,000 km²
6%
No matching quizzes found
Score Distribution
Percent of People with Each Score
Percentile by Number Answered
Your Score History
You have not taken this quiz